Antonio Palacios y el Hospital de Maudes en la memoria arquitectónica de Madrid. (Record no. 113343)

MARC details
000 -LEADER
campo de control de longitud fija 00691nam a2200169 4500
001 - NÚMERO DE CONTROL
campo de control 113343
003 - IDENTIFICADOR DE NÚMERO DE CONTROL
campo de control ES-MaACL
005 - FECHA Y HORA DE LA ÚLTIMA TRANSACCIÓN
campo de control 20230906185843.0
007 - CAMPO FIJO DE DESCRIPCIÓN FÍSICA--INFORMACIÓN GENERAL
campo de control de longitud fija t|
008 - DATOS DE LONGITUD FIJA--INFORMACIÓN GENERAL
campo de control de longitud fija 061121s1986 sp r ||||1| spa d
100 1# - ENTRADA PRINCIPAL--NOMBRE DE PERSONA
Nombre de persona Palacios, Antonio.
9 (RLIN) 88390
245 10 - MENCIÓN DEL TÍTULO
Título Antonio Palacios y el Hospital de Maudes en la memoria arquitectónica de Madrid.
260 ## - PUBLICACIÓN, DISTRIBUCIÓN, ETC.
Lugar de publicación, distribución, etc. Madrid :
Nombre del editor, distribuidor, etc. Comunidad, Centro de Información y Documentación, Consejería de Ordenación del Territorio, Medio Ambiente y Vivienda,
Fecha de publicación, distribución, etc. 1986.
300 ## - DESCRIPCIÓN FÍSICA
Extensión 2 v. :
Otras características físicas il. ;
Dimensiones 30 cm.
710 00 - ENTRADA AGREGADA--NOMBRE DE ENTIDAD CORPORATIVA
Nombre de entidad corporativa o nombre de jurisdicción como elemento de entrada Madrid (Comunidad Autónoma).
Unidad subordinada Consejería de Ordenación del Territorio, Medio Ambiente y Vivienda.
9 (RLIN) 5605
852 ## - LOCALIZACIÓN
Ubicación ES-MaACL
Número de control de estantería G-3979-80
Holdings
Estatus retirado Estado de pérdida Estado de daño No para préstamo Biblioteca de origen Biblioteca actual Ubicación en estantería Fecha de adquisición Fuente de adquisición Total de préstamos Signatura topográfica completa Código de barras Visto por última vez Precio de reemplazo Tipo de ítem Koha
        Biblioteca del Ateneo de Madrid Biblioteca del Ateneo de Madrid Depósito 2 17/01/2008     G-3979-80 1118218 23/02/2023 23/02/2023 Libro impreso